000 00396nmm a2200145Ia 4500
008 251105s9999||||xx |||||||||||||||||und||
041 _aspa
100 _aHidalgo, Nieves
245 2 _aA las ocho, en el Thyssen
264 _a[Madrid, España] :
_bEdiciones B,
_c2017
300 _a302 páginas
650 _aRomance
856 _uhttps://public.digitaliapublishing.com/a/54508
942 _cCF
999 _c106433
_d106433